Global medical devices market 2014-2018.
| Format: | Book |
|---|---|
| Subjects: |
| LEADER | 00389cam a2200121 7i4500 | ||
|---|---|---|---|
| 001 | 0000032859 | ||
| 005 | 20160322090000.0 | ||
| 090 | 0 | 0 | |a I 610.284 |b GLO |
| 245 | 0 | 0 | |a Global medical devices market 2014-2018. |
| 264 | # | 0 | |a Toronto: |b Infiniti Research Limited, |c 2014. |
| 300 | # | # | |a 110 pages. |
| 650 | 0 | 0 | |a Medical devices -- |z Markets |
| 999 | |a B000036983 |b Market Reports |c International |e Business Information Centre | ||